| 000 | 00331 a2200145 4500 | ||
|---|---|---|---|
| 001 | 31532 | ||
| 082 | _a001.42WEM | ||
| 090 |
_c21392 _d21392 |
||
| 100 | _aWempen Faithe | ||
| 245 | _a10 Minutes Guide to Access 97 | ||
| 260 |
_aNew Delhi _bPrentice Hall _c1997 |
||
| 300 | _a214p | ||
| 650 | _aAccess 97 | ||
| 740 | _aAccess 97 | ||
| 942 |
_aNUST-CAE _k001.42WEM |
||
| 999 |
_c266605 _d266605 |
||